Repointing brick and stone walls (Record no. 116140)

MARC details
000 -LEADER
fixed length control field 01674cam a22003015a 4500
001 - CONTROL NUMBER
control field L159877
008 - FIXED-LENGTH DATA ELEMENTS--GENERAL INFORMATION
fixed length control field 180321s2017 xxk f 000 0 eng d
035 ## - SYSTEM CONTROL NUMBER
System control number (Sirsi) u159877
041 ## - LANGUAGE CODE
Language code of text/sound track or separate title eng
050 ## - LIBRARY OF CONGRESS CALL NUMBER
Classification number 690.241
110 ## - MAIN ENTRY--CORPORATE NAME
Corporate name or jurisdiction name as entry element Historic England
9 (RLIN) 6175
245 ## - TITLE STATEMENT
Title Repointing brick and stone walls
Remainder of title Guidelines for best practice
Medium [electronic resource]
260 ## - PUBLICATION, DISTRIBUTION, ETC.
Place of publication, distribution, etc. Swindon
Name of publisher, distributor, etc. Historic England
Date of publication, distribution, etc. 2017
300 ## - PHYSICAL DESCRIPTION
Extent The appearance of brick and stone masonry owes as much to the character of the mortar joints as to the stone and bricks themselves. Unsuitable repointing can affect not only the look but also the durability of masonry, and is amongst the most frequent causes of damage to the character and fabric of historic buildings. The comprehensive repointing of a building is rarely necessary. Generally only those parts that are most exposed to the weather or are affected by specific problems such as leaking rainwater pipes or gutters are likely to be in need of attention. Sound historic mortar should be left undisturbed as it can be an important part of the character and significance of a building.
650 24 - SUBJECT ADDED ENTRY--TOPICAL TERM
Topical term or geographic name entry element BRICKWORK
650 24 - SUBJECT ADDED ENTRY--TOPICAL TERM
Topical term or geographic name entry element HISTORIC BUILDINGS
650 24 - SUBJECT ADDED ENTRY--TOPICAL TERM
Topical term or geographic name entry element STONEWORK
650 24 - SUBJECT ADDED ENTRY--TOPICAL TERM
Topical term or geographic name entry element REPOINTING
650 24 - SUBJECT ADDED ENTRY--TOPICAL TERM
Topical term or geographic name entry element CONSERVATION
650 24 - SUBJECT ADDED ENTRY--TOPICAL TERM
Topical term or geographic name entry element HISTORIC BUILDINGS
651 #4 - SUBJECT ADDED ENTRY--GEOGRAPHIC NAME
Geographic name United Kingdom
700 1# - ADDED ENTRY--PERSONAL NAME
Personal name Pickles, David
700 ## - ADDED ENTRY--PERSONAL NAME
Personal name Henry, Alison
700 1# - ADDED ENTRY--PERSONAL NAME
Personal name Stewart, John
700 1# - ADDED ENTRY--PERSONAL NAME
Personal name McCaig, I.
856 40 - ELECTRONIC LOCATION AND ACCESS
Uniform Resource Identifier <a href="https://content.historicengland.org.uk/images-books/publications/repointing-brick-and-stone-walls/heag144-repointing-brick-and-stone-walls.pdf/">https://content.historicengland.org.uk/images-books/publications/repointing-brick-and-stone-walls/heag144-repointing-brick-and-stone-walls.pdf/</a>
Public note View the item free of charge at historicengland.org.uk
942 ## - ADDED ENTRY ELEMENTS (KOHA)
Suppress in OPAC 0
Source of classification or shelving scheme Dewey Decimal Classification
Holdings
Withdrawn status Lost status Source of classification or shelving scheme Damaged status Not for loan Home library Current library Shelving location Date acquired Total Checkouts Full call number Barcode Date last seen Copy number Price effective from Koha item type
    Dewey Decimal Classification     Virtual Virtual Online 21/03/2018   ONLINE PUBLICATION 159877-2001 06/08/2019 1 06/08/2019 Book